| 000 | 00979nam a2200205Ii 4500 | ||
|---|---|---|---|
| 003 | JO-AjNU | ||
| 008 | 230605s9999||||xx |||||||||||||| ||und|| | ||
| 017 | _a1996/11/1585 | ||
| 040 |
_aJO-AjNU _bara _erda _cJO-AjNU |
||
| 041 | _aara | ||
| 050 | 1 | 4 | _aGB665.M85 1997 |
| 100 | 3 |
_aتاليف المومني، لطفي راشد المفلح, _eauthor _950211 |
|
| 245 | 0 | 0 | _aالاستشعار عن بعد في الهيدرولوجي: هيدرولوجية حوض وادي الموجب الرئيسي في الاردن : دراسة في الجغرافية التطبيقية/ استشعار عن بعد |
| 264 | 3 | 1 | _aعمان: وزارة الثقافة، 1997 |
| 300 |
_a321ص _bيشتمل على جداول 265-298، صور توضيحية |
||
| 336 |
_atext _btxt _2rdacontent |
||
| 337 |
_aunmediated _bn _2rdamedia |
||
| 338 |
_avolume _bnc _2rdacarrier |
||
| 650 | 4 |
_aالعلوم التطبيقية- الجغرافية التطبيقية- الاستشعار عن بعد _950212 |
|
| 999 |
_aA22104 _c25672 _d25672 |
||